000 01402nam a22003977a 4500
003 CHAP
005 20220329141015.0
008 971013s1996 r 00010 d
010 _a61210
011 _a62182
035 _a66356
040 _cCHAP
090 _aTesis
100 0 0 _aGandarilla Carrasco, Felipe de Jesús.
_945538
245 _aFundamentos de mecanización en los sistemas de riego por aspersión y localizado
260 _aChapingo, Méx. :
_bEl autor,
_c1996
300 _a118 h.
_b: ilus.
502 _aTesis (Ing. Mecánico Agrícola) -- UACH. Departamento de Ingeniería Mecánica Agrícola
590 _aALEPH
_b10
_c20130110
_lUCH01
_h1340
590 _aBATCH-UPD
_b10
_c20130110
_lUCH01
_h0802
590 _aBATCH-UPD
_b10
_c20130410
_lUCH01
_h0440
590 _aBATCH-UPD
_b10
_c20130914
_lUCH01
_h0655
590 _aBATCH-UPD
_b10
_c20130914
_lUCH01
_h2143
590 _aCONVERSION
_b10
_c20130109
_lUCH01
_h1333
650 1 4 _aBombas centrífugas.
_913619
650 1 4 _aMaquinaria hidráulica.
_971217
650 1 4 _aMecanización agrícola.
_973801
650 1 4 _aRiego localizado.
_997374
650 1 4 _aRiego por aspersión.
_997375
650 1 4 _aTuberías.
_9115476
700 0 _aVillagómez Gómez, Gerardo.
_9119402
901 _aBK
942 _cFOLL
949 _bBC
_cTES
_d-151535
_eTS1
_h30508
_i66356
_si
949 _bBC
_cTES
_d33724000621892
_eTS2
_fc.2
_h30509
_i66356
_si
999 _c61210
_d61210